000 00606 a2200241 4500
001 109826
020 _a0329065432
020 _a0758739435 (BWI bdg.)
020 _a9780140549249 (pbk.)
041 _apor
090 _aP Year 3 [E]
100 _aWood, Audrey.
250 _a. ed.
300 _a[32] p.
697 _aParent-child relationship - Fiction.
697 _aParent and child
697 _aParent and child - Fiction.
856 _u000015/00001579.jpg
040 _aBR-BrIDEA
_cBR-BrIDEA
245 1 0 _aWeird parents
_c Audrey Wood
260 _a[S.l.]
_bPuffin
_c1995
942 _cBK
999 _c109826
_d109826